000 00341nam a2200169Ia 4500
100 _aSchildt/Herbert
650 _aC++
942 _cBK
366 _f20
654 _aC++
245 _aC++:Begineers Guide
260 _bTata Mc Graw hill Ltd.
_c2002
082 _a5.133
_bSCH
300 _a632
546 _aENGLISH
_cTTL
999 _c18245
_d18245